| 000 | 01634nam0a22002651 4500 | ||
|---|---|---|---|
| 001 | rc\2230689 | ||
| 005 | 20260409084856.0 | ||
| 035 | _a(NLR Aleph) 006496317 | ||
| 090 |
_a6185006 _c6185006 |
||
| 100 | _a20110829d1978 u y0rusy50 ca | ||
| 101 | 0 | _arus | |
| 102 | _aRU | ||
| 105 | _ay z ||||| | ||
| 200 | 1 |
_a[V Съезд художников СССР и задачи дальнейшего развития изобразительного искусства РСФСР] _eДокл. пред. правл. Союза художников РСФСР Ткачева С.П. |
|
| 210 |
_aМосква _cБ. и. _d[1978] |
||
| 215 |
_a25 с. _d21 |
||
| 423 | 0 |
_11010#$arus _12001#$aПостановление III пленума правления Союза художников РСФСР, 2 марта 1978 г., г. Москва$fIII пленум правл. Союза художников РСФСР _153211$aПостановление Третьего пленума правления Союза художников РСФСР, 2 марта 1978 г., г. Москва _tПостановление III пленума правления Союза художников РСФСР, 2 марта 1978 г., г. Москва |
|
| 700 | 1 |
_7ca _8rus _aТкачёв _bС. П. _cхудожник _f1922-2022 _gСергей Петрович _9119085 _3RU\NLR\AUTH\779245 |
|
| 711 | 0 | 2 |
_aСоюз художников РСФСР _bПравление _bПленум _f1978, март _9679511 _3RU\NLR\AUTH\880509611 |
| 801 | 0 |
_aRU _bNLR _gpsbo |
|
| 801 | 1 |
_aRU _bELAR _2rusmarc |
|
| 852 |
_aNLR _j78-4/17625 |
||
| 942 | _cBOOK | ||
| 980 | _aNB | ||